Punt lila : xarxa de punts lila : recomanacions d'actuació recomanacions d'actuació
Descripción Física:
1 díptic ; il. col. ; 10 x 21 cm.
Idioma:
Catalán
MARC
| LEADER | 00000nam a22000007a 4500 | ||
|---|---|---|---|
| 001 | 28849 | ||
| 003 | AGDB | ||
| 005 | 20260324181531.0 | ||
| 008 | 230307b spa||||| |||| 00| 0 cat d | ||
| 017 | |a B 15560-2024 | ||
| 040 | |a agdb |b cat | ||
| 245 | |a Punt lila : xarxa de punts lila : |b recomanacions d'actuació | ||
| 260 | |a Barcelona : |b Ajuntament del Masnou : |b Diputació de Barcelona ; |c 2024 | ||
| 300 | |a 1 díptic ; |b il. col. ; |c 10 x 21 cm. | ||
| 650 | 0 | |9 8867 |a Dones |x Assistència institucional | |
| 650 | 0 | |9 42204 |a Violència envers les dones | |
| 655 | 0 | |a Fulletons |9 55858 | |
| 710 | 1 | |a Barcelona (Catalunya : Província). |b Diputació |9 52408 | |
| 710 | 1 | |a Masnou (Catalunya). |b Ajuntament |9 51667 | |
| 942 | |c ARXIU |n 1 |2 udc | ||
| 952 | |0 0 |1 0 |4 0 |6 FU7868 |7 1 |9 98062 |a Arxiu |b Arxiu |d 2025-05-12 |l 0 |o FU-78-68 |p 28849 |r 2025-05-12 00:00:00 |w 2025-05-12 |y ARXIU | ||
| 999 | |c 129847 |d 129847 | ||